[Event "DEM U14"]
[Site "Willingen"]
[Date "2006.06.03"]
[Round "1.7"]
[White "Nuber, Blasius"]
[Black "Nolte, Christoph"]
[Result "1-0"]
[WhiteElo "2041"]
[BlackElo "1823"]
[PlyCount "165"]
[EventDate "2006.??.??"]
[EventType "swiss"]
[EventRounds "9"]
[EventCountry "GER"]

1. e4 e6 2. d4 d5 3. e5 c5 4. c3 Qb6 5. Nf3 Nc6 6. a3 c4 7. Be2 Bd7 8. Nbd2 Na5
9. O-O Ne7 10. Ng5 h6 11. Nh3 Qc7 12. Re1 Nc8 13. f4 Nb6 14. Bf3 g6 15. g4
O-O-O 16. Qe2 Be7 17. Rb1 Bh4 18. Nf2 Ba4 19. Nf1 Nb3 20. Ne3 Rdg8 21. Ng2 Qd8
22. Be3 Bd7 23. Kh1 Kb8 24. Rg1 Be7 25. Rbf1 f6 26. exf6 Bxf6 27. Nd1 Rh7 28.
Bf2 Nc1 29. Qd2 Nb3 30. Qe1 g5 31. Bg3 Ka8 32. h4 Nc1 33. fxg5 Bxg5 34. h5 Nd3
35. Qe2 Qe7 36. Nge3 Rf7 37. Qh2 Bf4 38. Be2 Bxg3 39. Qxg3 Nc1 40. Rxf7 Qxf7
41. Qf3 Qxf3+ 42. Bxf3 Nd3 43. Kh2 Be8 44. Be2 Nf4 45. Bf1 Kb8 46. Rg3 Rf8 47.
Rf3 Ng6 48. Kg3 Rxf3+ 49. Kxf3 Nh8 50. Kf4 Nf7 51. Nf2 Nd7 52. Bg2 Nf6 53. Nh3
Kc7 54. Bf3 Nh7 55. Ng2 Kd6 56. Nh4 Nfg5 57. Kg3 Nxh3 58. Kxh3 Ke7 59. Kg3 Kf6
60. Bd1 b5 61. Bc2 Nf8 62. Kf4 Bf7 63. Nf3 Be8 64. Kg3 Nd7 65. Kh4 e5 66. Nxe5
Nxe5 67. dxe5+ Kxe5 68. g5 hxg5+ 69. Kxg5 Bxh5 70. Kxh5 d4 71. Kg4 a5 72. Kf3
Kd5 73. Be4+ Kc5 74. Ke2 dxc3 75. bxc3 b4 76. Kd2 bxa3 77. Kc2 Kd6 78. Kb1 Ke5
79. Bc2 Kf4 80. Ka2 Ke3 81. Kxa3 Kd2 82. Kb2 a4 83. Bxa4 1-0

[Event "DEM U14"]
[Site "Willingen"]
[Date "2006.06.03"]
[Round "1.8"]
[White "Doberitz, Paul"]
[Black "Korman, Maxim"]
[Result "0-1"]
[WhiteElo "1766"]
[BlackElo "2036"]
[PlyCount "60"]
[EventDate "2006.??.??"]
[EventType "swiss"]
[EventRounds "9"]
[EventCountry "GER"]

1. e4 e6 2. d4 d5 3. Nc3 Bb4 4. e5 c5 5. a3 Bxc3+ 6. bxc3 Qc7 7. Qg4 f5 8. Qg3
cxd4 9. cxd4 Ne7 10. Bd2 O-O 11. Bd3 b6 12. Ne2 Ba6 13. Bxa6 Nxa6 14. Qd3 Qc4
15. Qxc4 dxc4 16. Nf4 Kf7 17. Ke2 Rfd8 18. Bc3 Nc7 19. Bb2 Ncd5 20. Nxd5 Nxd5
21. a4 c3 22. Ba3 Nf4+ 23. Ke3 Nxg2+ 24. Kf3 Nh4+ 25. Ke3 Rd5 26. Rhd1 Rc8 27.
Bd6 Rc4 28. Ra3 f4+ 29. Ke4 Nf5 30. Kxf4 Nxd4 0-1

[Event "DEM U14"]
[Site "Willingen"]
[Date "2006.06.03"]
[Round "1.10"]
[White "Marx, Joschka"]
[Black "Zelbel, Patrick"]
[Result "0-1"]
[WhiteElo "1674"]
[BlackElo "2019"]
[PlyCount "86"]
[EventDate "2006.??.??"]
[EventType "swiss"]
[EventRounds "9"]
[EventCountry "GER"]

1. e4 c5 2. Nf3 d6 3. c3 Nf6 4. Bd3 Nc6 5. O-O Bg4 6. h3 Bh5 7. Re1 Qd7 8. Bc2
g5 9. d3 Rg8 10. Nbd2 g4 11. hxg4 Qxg4 12. g3 Bh6 13. Nh2 Qh3 14. Ndf3 Ng4 15.
Nxg4 Bxg4 16. Bxh6 Ne5 17. Re3 Qxh6 18. Ba4+ Kf8 19. Qe2 Nxf3+ 20. Rxf3 Qh5 21.
Bd1 Rg6 22. Rf5 Bxe2 23. Rxh5 Bxh5 24. Bxh5 Rg5 25. Bf3 e6 26. c4 Rb8 27. Kf1
b5 28. b3 a5 29. Rb1 Ke7 30. Bd1 d5 31. Be2 bxc4 32. dxc4 dxe4 33. Ke1 f5 34.
Kd2 Kf6 35. Ke3 Rg7 36. Rd1 Ke7 37. Rb1 Rd8 38. Rb2 Kf6 39. Rb1 Rb7 40. Rh1 Kg6
41. Bh5+ Kg7 42. Be2 Rbd7 43. g4 Rd2 0-1

[Event "DEM U14"]
[Site "Willingen"]
[Date "2006.06.03"]
[Round "1.11"]
[White "Hirneise, Jens"]
[Black "Bart, Simon"]
[Result "1-0"]
[WhiteElo "2006"]
[BlackElo "1667"]
[PlyCount "105"]
[EventDate "2006.??.??"]
[EventType "swiss"]
[EventRounds "9"]
[EventCountry "GER"]

1. e4 e5 2. Nf3 Nc6 3. d4 exd4 4. Nxd4 Bc5 5. Be3 Qf6 6. c3 Nge7 7. Bc4 Ne5 8.
Be2 d5 9. Nd2 O-O 10. O-O Bb6 11. f4 Qh6 12. Qe1 Rd8 13. Qg3 N5c6 14. f5 Qf6
15. Kh1 Bxd4 16. Bxd4 Nxd4 17. cxd4 Qxd4 18. f6 Ng6 19. Qxc7 Rd7 20. Qc2 gxf6
21. Nb3 Qxe4 22. Bd3 Qb4 23. Rxf6 Rd6 24. Rxd6 Qxd6 25. Re1 Be6 26. Nd4 Rc8 27.
Qa4 a6 28. Nxe6 Qxe6 29. Rf1 Ne5 30. Bb1 Rc6 31. Qh4 Ng6 32. Qd8+ Kg7 33. h3
Qe7 34. Kg1 Qe3+ 35. Kh1 d4 36. Qd5 Rf6 37. Rd1 Qg3 38. Qxd4 Nf4 39. Be4 Ne2
40. Qd3 Rf2 41. Bxb7 Qf4 42. Bf3 Qg3 43. Qe4 Qxg2+ 44. Bxg2 Ng3+ 45. Kg1 Nxe4
46. Bxe4 Rxb2 47. Bd5 Kg6 48. Rf1 f6 49. Rf2 Rb5 50. Bc4 Rb6 51. Bd3+ Kh6 52.
Rf5 Rd6 53. Bf1 1-0

[Event "DEM U14"]
[Site "Willingen"]
[Date "2006.06.03"]
[Round "1.12"]
[White "Steinacker, Alex"]
[Black "Tkachuk, Konstantyn"]
[Result "0-1"]
[WhiteElo "1605"]
[BlackElo "1987"]
[PlyCount "44"]
[EventDate "2006.??.??"]
[EventType "swiss"]
[EventRounds "9"]
[EventCountry "GER"]

1. c4 Nf6 2. Nc3 g6 3. d4 Bg7 4. e4 d6 5. Bd3 O-O 6. Nge2 e5 7. d5 Ne8 8. O-O
f5 9. f4 fxe4 10. Bxe4 Nd7 11. Be3 Nef6 12. Bf3 Qe7 13. Ng3 Bh6 14. Re1 Qg7 15.
Nb5 exf4 16. Nxc7 fxe3 17. Nxa8 Ne5 18. Qd4 Bg4 19. Bxg4 Nexg4 20. Qxa7 Nxh2
21. Ne4 Nf3+ 22. Kh1 Bf4 0-1

[Event "DEM U14"]
[Site "Willingen"]
[Date "2006.06.03"]
[Round "1.13"]
[White "Schubert, Sven"]
[Black "Schiffner, Kevin"]
[Result "1-0"]
[WhiteElo "1977"]
[BlackElo "1568"]
[PlyCount "45"]
[EventDate "2006.??.??"]
[EventType "swiss"]
[EventRounds "9"]
[EventCountry "GER"]

1. e4 c5 2. Nf3 Nc6 3. d4 cxd4 4. Nxd4 g6 5. Nc3 Bg7 6. Be3 Nf6 7. Be2 O-O 8.
Qd2 d6 9. f3 Ne5 10. O-O-O Bd7 11. g4 Rc8 12. h4 Nc4 13. Bxc4 Rxc4 14. h5 Qa5
15. Nb3 Qc7 16. Bh6 b5 17. Bxg7 Kxg7 18. hxg6 fxg6 19. Qh6+ Kf7 20. g5 Ng8 21.
Qxh7+ Ke8 22. Qxg6+ Kd8 23. Rh8 1-0

[Event "DEM U14"]
[Site "Willingen"]
[Date "2006.06.03"]
[Round "1.14"]
[White "Höfer, Michael"]
[Black "Kachibadze, Georg"]
[Result "0-1"]
[WhiteElo "1526"]
[BlackElo "1976"]
[PlyCount "82"]
[EventDate "2006.??.??"]
[EventType "swiss"]
[EventRounds "9"]
[EventCountry "GER"]

1. e4 c5 2. Nf3 Nc6 3. d4 cxd4 4. Nxd4 Nf6 5. Nc3 g6 6. Be3 Bg7 7. Bc4 O-O 8.
f3 Qb6 9. Bb3 Nxe4 10. Nxe4 Bxd4 11. Bxd4 Nxd4 12. Qd2 d6 13. O-O-O Nxb3+ 14.
axb3 Bf5 15. Ng3 Qb5 16. h4 Rac8 17. c3 Qa5 18. Nxf5 Qxf5 19. h5 g5 20. h6 Rc5
21. b4 Re5 22. Rh5 f6 23. Rf1 Qf4 24. g4 Kf7 25. Kc2 Qxd2+ 26. Kxd2 Kg6 27. Rh2
f5 28. gxf5+ Rexf5 29. Re2 R8f7 30. Rfe1 e5 31. Kc2 Rxf3 32. Rd1 R7f6 33. Rdd2
Kxh6 34. c4 g4 35. c5 dxc5 36. bxc5 g3 37. Rg2 Kg5 38. b4 Kg4 39. b5 Rf2 40. c6
bxc6 41. Rgxf2 gxf2 0-1

[Event "DEM U14"]
[Site "Willingen"]
[Date "2006.06.04"]
[Round "3.2"]
[White "Nuber, Blasius"]
[Black "Tkachuk, Konstantyn"]
[Result "1/2-1/2"]
[WhiteElo "2041"]
[BlackElo "1987"]
[PlyCount "39"]
[EventDate "2006.??.??"]
[EventType "swiss"]
[EventRounds "9"]
[EventCountry "GER"]

1. e4 e5 2. Nf3 Nc6 3. d4 exd4 4. Nxd4 Bc5 5. Be3 Qf6 6. c3 Nge7 7. Bc4 Ne5 8.
Be2 d5 9. Nd2 Bb6 10. O-O O-O 11. f4 Qh6 12. Kh1 dxe4 13. Nxe4 N5c6 14. Nxc6
Qxc6 15. Bxb6 Qxb6 16. Qb3 Be6 17. Bc4 Bxc4 18. Qxc4 Nf5 19. Qc5 Qxc5 20. Nxc5
1/2-1/2

[Event "DEM U14"]
[Site "Willingen"]
[Date "2006.06.04"]
[Round "3.4"]
[White "Aslan, Benjamin"]
[Black "Korman, Maxim"]
[Result "1-0"]
[WhiteElo "1837"]
[BlackElo "2036"]
[PlyCount "65"]
[EventDate "2006.??.??"]
[EventType "swiss"]
[EventRounds "9"]
[EventCountry "GER"]

1. d4 Nf6 2. c4 c5 3. d5 b5 4. cxb5 a6 5. b6 Bb7 6. Nc3 e6 7. e4 exd5 8. exd5
d6 9. a4 a5 10. Nf3 Nbd7 11. Bb5 Be7 12. O-O O-O 13. Bxd7 Nxd7 14. Bf4 Nxb6 15.
Qd2 Qd7 16. Bg5 Rfe8 17. Bxe7 Rxe7 18. b3 Rae8 19. Qd3 Qg4 20. Rad1 Qh5 21. Rd2
h6 22. Rfd1 g5 23. h3 g4 24. hxg4 Qxg4 25. Qb5 Nd7 26. Qxb7 Ne5 27. Nxe5 Qxd1+
28. Rxd1 Rxb7 29. Ng4 Kg7 30. Nb5 Rd7 31. Ne3 Kf6 32. Nc4 Ra8 33. Nb6 1-0

[Event "DEM U14"]
[Site "Willingen"]
[Date "2006.06.04"]
[Round "3.5"]
[White "Hirneise, Jens"]
[Black "Kachibadze, Georg"]
[Result "1-0"]
[WhiteElo "2006"]
[BlackElo "1976"]
[PlyCount "119"]
[EventDate "2006.??.??"]
[EventType "swiss"]
[EventRounds "9"]
[EventCountry "GER"]

1. e4 e6 2. d4 d5 3. Nc3 dxe4 4. Nxe4 Bd7 5. Nf3 Bc6 6. Bd3 Nd7 7. O-O Ngf6 8.
Neg5 Be7 9. Re1 h6 10. Nh3 g5 11. Ne5 Nxe5 12. dxe5 Qd5 13. f3 Nd7 14. Qe2
O-O-O 15. Nf2 Bc5 16. Bd2 g4 17. Be4 gxf3 18. Bxf3 Qd4 19. Bxc6 bxc6 20. Bc3
Qf4 21. g3 Rhg8 22. Kg2 Qxf2+ 23. Qxf2 Bxf2 24. Kxf2 Rg5 25. Re4 Rf5+ 26. Rf4
Rxf4+ 27. gxf4 Rg8 28. Rg1 Rg6 29. Rxg6 fxg6 30. h4 h5 31. Ke3 Nb6 32. Bd4 Nd5+
33. Ke4 Ne7 34. Bxa7 Kb7 35. Bf2 Ka6 36. c4 Nf5 37. b4 Ne7 38. Kd4 Kb6 39. a4
Nf5+ 40. Kc3+ Ka6 41. Kb3 Ne7 42. a5 Kb7 43. Ka4 Nf5 44. b5 cxb5+ 45. Kxb5 Ne7
46. a6+ Kb8 47. Bc5 Nf5 48. Kc6 Nxh4 49. Kd7 Ng2 50. Kxe6 Nxf4+ 51. Kf6 Nd3 52.
Be3 Nb4 53. e6 Nc6 54. e7 Nxe7 55. Kxe7 h4 56. Bf4 Ka7 57. Kd7 h3 58. Kxc7 Kxa6
59. c5 g5 60. Bh2 1-0

[Event "DEM U14"]
[Site "Willingen"]
[Date "2006.06.04"]
[Round "3.6"]
[White "Raykhman, Alexander"]
[Black "Jorczik, Julian"]
[Result "0-1"]
[WhiteElo "1955"]
[BlackElo "2170"]
[PlyCount "38"]
[EventDate "2006.??.??"]
[EventType "swiss"]
[EventRounds "9"]
[EventCountry "GER"]

1. e4 c6 2. d4 d5 3. Nc3 dxe4 4. Nxe4 Bf5 5. Ng3 Bg6 6. h4 h6 7. Bc4 Nf6 8.
N1e2 e6 9. Nf4 Bh7 10. c3 Bd6 11. Qf3 Nbd7 12. Ngh5 O-O 13. Nxf6+ Qxf6 14. g4
e5 15. g5 Qf5 16. dxe5 Nxe5 17. Qe2 Rae8 18. Kf1 Nxc4 19. Qxc4 Re4 0-1

[Event "DEM U14"]
[Site "Willingen"]
[Date "2006.06.04"]
[Round "3.8"]
[White "Heimann, Andreas"]
[Black "Nolte, Christoph"]
[Result "1-0"]
[WhiteElo "2136"]
[BlackElo "1823"]
[PlyCount "63"]
[EventDate "2006.??.??"]
[EventType "swiss"]
[EventRounds "9"]
[EventCountry "GER"]

1. e4 e6 2. d4 d5 3. Nc3 Nf6 4. Bg5 Bb4 5. e5 h6 6. Be3 Ne4 7. Qg4 Kf8 8. a3
Bxc3+ 9. bxc3 c5 10. Bd3 Qa5 11. Ne2 cxd4 12. Bxd4 Nc5 13. O-O Nc6 14. Nf4 Nxd3
15. cxd3 b6 16. Nh5 Rg8 17. Rfe1 Ne7 18. Re3 Qb5 19. Qf4 Ng6 20. Qg3 Qd7 21.
Rf3 Ke8 22. Be3 Qc7 23. d4 Qe7 24. Bxh6 gxh6 25. Nf6+ Kf8 26. Nxg8 Kxg8 27. Rf6
Kg7 28. h4 h5 29. Qg5 Qc7 30. g4 Qxc3 31. Rc1 Qxc1+ 32. Qxc1 1-0

[Event "DEM U14"]
[Site "Willingen"]
[Date "2006.06.04"]
[Round "3.10"]
[White "Doberitz, Paul"]
[Black "Belger, Christian"]
[Result "0-1"]
[WhiteElo "1766"]
[BlackElo "1966"]
[PlyCount "70"]
[EventDate "2006.??.??"]
[EventType "swiss"]
[EventRounds "9"]
[EventCountry "GER"]

1. e4 c5 2. Nf3 Nc6 3. d4 cxd4 4. Nxd4 g6 5. Nc3 Bg7 6. Be3 Nf6 7. f3 O-O 8.
Bc4 Qb6 9. Bb3 Ng4 10. Na4 Nxe3 11. Nxb6 Nxd1 12. Nxa8 Nxd4 13. Rxd1 Nxb3 14.
axb3 Be5 15. Rd5 Bb8 16. Kf2 b6 17. Rhd1 d6 18. Ra1 Bb7 19. Nxb6 axb6 20. Rb5
Bc7 21. Ra7 Bc6 22. Rb4 Bb8 23. Rxe7 Rc8 24. Rxb6 Kf8 25. Rxb8 Rxb8 26. Rc7 Rb6
27. Ke3 Ke8 28. Kd4 Bd7 29. f4 Ke7 30. Kd5 Ra6 31. b4 Ra2 32. b3 Kd8 33. Rc3
Ra6 34. Rd3 Rb6 35. Kc4 Bb5+ 0-1

[Event "DEM U14"]
[Site "Willingen"]
[Date "2006.06.04"]
[Round "3.12"]
[White "Colpe, Malte"]
[Black "Steinacker, Alex"]
[Result "1-0"]
[WhiteElo "1960"]
[BlackElo "1605"]
[PlyCount "47"]
[EventDate "2006.??.??"]
[EventType "swiss"]
[EventRounds "9"]
[EventCountry "GER"]

1. d4 d5 2. c4 e6 3. Nf3 c6 4. Qc2 f5 5. Nc3 Nf6 6. Bf4 Be7 7. e3 Ne4 8. Bd3
Nd7 9. cxd5 exd5 10. O-O O-O 11. h3 Kh8 12. Rab1 Rg8 13. b4 b5 14. a4 a6 15.
Nd2 Qf8 16. Ncxe4 fxe4 17. Qxc6 g5 18. Bg3 Ra7 19. Be2 Bxb4 20. Nb3 bxa4 21.
Na1 Qe7 22. Qxd5 Bb7 23. Qa2 Bc6 24. Qb2 1-0

[Event "DEM U14"]
[Site "Willingen"]
[Date "2006.06.04"]
[Round "3.14"]
[White "Höfer, Michael"]
[Black "Bart, Simon"]
[Result "0-1"]
[WhiteElo "1526"]
[BlackElo "1667"]
[PlyCount "38"]
[EventDate "2006.??.??"]
[EventType "swiss"]
[EventRounds "9"]
[EventCountry "GER"]

1. e4 e5 2. Nf3 Nc6 3. Bc4 Nf6 4. Ng5 Bc5 5. Bxf7+ Ke7 6. Bb3 Rf8 7. O-O d6 8.
Nc3 h6 9. Nf3 Bg4 10. h3 Bh5 11. Qe1 Bxf3 12. gxf3 Nd4 13. Qd1 Nh5 14. Nd5+ Ke8
15. f4 Nxf4 16. Nxf4 Qg5+ 17. Ng2 Nf3+ 18. Kh1 Qh5 19. h4 Qg4 0-1

[Event "DEM U14"]
[Site "Willingen"]
[Date "2006.06.05"]
[Round "4.1"]
[White "Zelbel, Patrick"]
[Black "Hirneise, Jens"]
[Result "1/2-1/2"]
[WhiteElo "2019"]
[BlackElo "2006"]
[PlyCount "106"]
[EventDate "2006.??.??"]
[EventType "swiss"]
[EventRounds "9"]
[EventCountry "GER"]

1. e4 c5 2. Nf3 Nc6 3. c3 Nf6 4. e5 Nd5 5. d4 cxd4 6. cxd4 d6 7. Bc4 Nb6 8. Bb5
dxe5 9. Nxe5 Bd7 10. Nxd7 Qxd7 11. Nc3 e6 12. O-O Be7 13. Qg4 O-O 14. Rd1 Rfd8
15. Bh6 Bf8 16. Bg5 Be7 17. Bh6 Bf8 18. Bg5 Be7 19. d5 exd5 20. Qxd7 Rxd7 21.
Bxe7 Rxe7 22. Nxd5 Nxd5 23. Rxd5 Rae8 24. Kf1 Re6 25. Rd7 a6 26. Ba4 b5 27. Bb3
R6e7 28. Rd6 Ne5 29. Re1 g5 30. g3 Nf3 31. Rxe7 Rxe7 32. h3 a5 33. Rd5 Re5 34.
Rxe5 Nxe5 35. Ke2 Kf8 36. Bc2 h6 37. f4 gxf4 38. gxf4 Nc6 39. Be4 Na7 40. Ke3
Ke7 41. Kd4 Kd6 42. Bd5 f6 43. Bb7 Kc7 44. Bf3 Kd6 45. Ke4 Nc6 46. Be2 f5+ 47.
Ke3 Kc5 48. Bd3 Nd4 49. Kf2 Kd5 50. Kg3 b4 51. Kh4 Ke6 52. Bc4+ Kf6 53. Kh5 Kg7
1/2-1/2

[Event "DEM U14"]
[Site "Willingen"]
[Date "2006.06.05"]
[Round "4.2"]
[White "Tkachuk, Konstantyn"]
[Black "Aslan, Benjamin"]
[Result "1-0"]
[WhiteElo "1987"]
[BlackElo "1837"]
[PlyCount "39"]
[EventDate "2006.??.??"]
[EventType "swiss"]
[EventRounds "9"]
[EventCountry "GER"]

1. e4 d6 2. d4 Nf6 3. Nc3 g6 4. Bg5 c6 5. Qd2 b5 6. f3 Nbd7 7. Bd3 Qc7 8. Nge2
Rb8 9. Bh6 Bxh6 10. Qxh6 a6 11. Nd1 c5 12. c3 c4 13. Bc2 e5 14. Ne3 Ke7 15. Qg5
Bb7 16. Ng4 h5 17. Nxf6 Nxf6 18. O-O Rbd8 19. f4 exd4 20. Nxd4 1-0

[Event "DEM U14"]
[Site "Willingen"]
[Date "2006.06.05"]
[Round "4.3"]
[White "Jorczik, Julian"]
[Black "Nuber, Blasius"]
[Result "1-0"]
[WhiteElo "2170"]
[BlackElo "2041"]
[PlyCount "69"]
[EventDate "2006.??.??"]
[EventType "swiss"]
[EventRounds "9"]
[EventCountry "GER"]

1. e4 Nf6 2. e5 Nd5 3. d4 d6 4. c4 Nb6 5. exd6 cxd6 6. Nc3 g6 7. Be3 Bg7 8. Rc1
O-O 9. b3 Bd7 10. Be2 e6 11. Nf3 Nc6 12. O-O Ne7 13. Qd2 Nf5 14. Bg5 f6 15. Be3
Nxe3 16. Qxe3 e5 17. dxe5 dxe5 18. c5 Nc8 19. Rfd1 Qe8 20. Nd5 Rb8 21. Bc4 Kh8
22. Nc7 Qe7 23. Nh4 Bg4 24. Nd5 Qe8 25. f3 Bd7 26. Qd3 Bc6 27. Nc7 Qe7 28. Ne6
Re8 29. Nxg6+ hxg6 30. Qxg6 b5 31. Ng5 fxg5 32. Qh5+ Bh6 33. Qxh6+ Qh7 34. Qxc6
Ne7 35. Qf6+ 1-0

[Event "DEM U14"]
[Site "Willingen"]
[Date "2006.06.05"]
[Round "4.4"]
[White "Schubert, Sven"]
[Black "Strunski, Andreas"]
[Result "0-1"]
[WhiteElo "1977"]
[BlackElo "2146"]
[PlyCount "38"]
[EventDate "2006.??.??"]
[EventType "swiss"]
[EventRounds "9"]
[EventCountry "GER"]

1. e4 c5 2. c3 e6 3. d4 Qa5 4. dxc5 Qxc5 5. Be3 Qc7 6. g3 b6 7. Bg2 Bb7 8. Nd2
Nf6 9. h3 d6 10. Ne2 Nbd7 11. O-O Be7 12. Nd4 Rc8 13. f4 Nc5 14. Qc2 O-O 15. g4
d5 16. e5 Nfe4 17. Nxe4 Nxe4 18. f5 Qxe5 19. Bf4 Qxd4+ 0-1

[Event "DEM U14"]
[Site "Willingen"]
[Date "2006.06.05"]
[Round "4.5"]
[White "Geske, Julian"]
[Black "Kaphle, Stephan"]
[Result "1-0"]
[WhiteElo "2140"]
[BlackElo "2020"]
[PlyCount "51"]
[EventDate "2006.??.??"]
[EventType "swiss"]
[EventRounds "9"]
[EventCountry "GER"]

1. e4 c5 2. Nf3 d6 3. d4 cxd4 4. Nxd4 Nf6 5. Nc3 a6 6. Bc4 e6 7. Bb3 b5 8. Bg5
Be7 9. Qf3 Qb6 10. O-O-O O-O 11. g4 b4 12. Na4 Qa5 13. e5 Ra7 14. Bxf6 gxf6 15.
exd6 Bxd6 16. Nxe6 fxe6 17. Rxd6 Bb7 18. Qe3 Bxh1 19. Qxa7 Nc6 20. Qc5 Qc7 21.
Nb6 Qg7 22. Bxe6+ Kh8 23. Nc4 Qh6+ 24. Ne3 Qxh2 25. Rd7 Qh6 26. Bf5 1-0

[Event "DEM U14"]
[Site "Willingen"]
[Date "2006.06.05"]
[Round "4.6"]
[White "Belger, Christian"]
[Black "Heimann, Andreas"]
[Result "0-1"]
[WhiteElo "1966"]
[BlackElo "2136"]
[PlyCount "78"]
[EventDate "2006.??.??"]
[EventType "swiss"]
[EventRounds "9"]
[EventCountry "GER"]

1. e4 e5 2. Nf3 Nc6 3. d4 exd4 4. Nxd4 Bc5 5. Be3 Qf6 6. Nb5 Bxe3 7. fxe3 Qh4+
8. g3 Qd8 9. Qg4 g6 10. Qf4 d6 11. Bc4 Ne5 12. O-O Bh3 13. Bxf7+ Kd7 14. N1c3
g5 15. Qf2 Ne7 16. Nd4 Rf8 17. Nd5 Nxd5 18. exd5 Rxf7 19. Qxf7+ Nxf7 20. Rxf7+
Kc8 21. Ne6 Bxe6 22. dxe6 b6 23. Raf1 Kb7 24. Rxh7 Qc8 25. e7 Qd7 26. Rff7 Re8
27. Rhg7 Qe6 28. Kf2 Qe4 29. Rxg5 Rxe7 30. Rxe7 Qxe7 31. h4 Qf6+ 32. Kg2 Qxb2
33. h5 Qxc2+ 34. Kh3 Qxa2 35. g4 Qb1 36. Rf5 a5 37. Kh4 a4 38. h6 a3 39. h7
Qh1+ 0-1

[Event "DEM U14"]
[Site "Willingen"]
[Date "2006.06.05"]
[Round "4.7"]
[White "Korman, Maxim"]
[Black "Specht, Christian"]
[Result "1/2-1/2"]
[WhiteElo "2036"]
[BlackElo "1933"]
[PlyCount "52"]
[EventDate "2006.??.??"]
[EventType "swiss"]
[EventRounds "9"]
[EventCountry "GER"]

1. e4 c5 2. Nc3 Nc6 3. g3 g6 4. Bg2 Bg7 5. d3 d6 6. Nge2 e6 7. O-O Nge7 8. Bg5
O-O 9. Qd2 Nd4 10. Nd1 f6 11. Be3 f5 12. c3 Nxe2+ 13. Qxe2 e5 14. f4 Qc7 15.
Nf2 Be6 16. Rfd1 c4 17. d4 fxe4 18. Nxe4 Nf5 19. Ng5 Bc8 20. dxe5 Nxe3 21. Qxe3
dxe5 22. Bd5+ Kh8 23. Nf7+ Rxf7 24. Bxf7 Bg4 25. Bd5 Bxd1 26. Rxd1 exf4 1/2-1/2

[Event "DEM U14"]
[Site "Willingen"]
[Date "2006.06.05"]
[Round "4.8"]
[White "Kachibadze, Georg"]
[Black "Graf, Felix"]
[Result "0-1"]
[WhiteElo "1976"]
[BlackElo "2209"]
[PlyCount "42"]
[EventDate "2006.??.??"]
[EventType "swiss"]
[EventRounds "9"]
[EventCountry "GER"]

1. e4 e6 2. d4 d5 3. Nc3 Bb4 4. Nge2 Nf6 5. e5 Nfd7 6. f4 f5 7. Be3 b6 8. a3
Be7 9. Qd2 Bb7 10. Ng1 c5 11. Nf3 Nc6 12. Nb5 a6 13. Nd6+ Bxd6 14. exd6 Nf6 15.
dxc5 Ne4 16. Qd1 bxc5 17. Ne5 O-O 18. Bd3 Qxd6 19. Nxc6 Qxc6 20. Bxe4 fxe4 21.
c3 Rad8 0-1

[Event "DEM U14"]
[Site "Willingen"]
[Date "2006.06.05"]
[Round "4.9"]
[White "Fischer, Thomas"]
[Black "Nolte, Christoph"]
[Result "1/2-1/2"]
[WhiteElo "2045"]
[BlackElo "1823"]
[PlyCount "60"]
[EventDate "2006.??.??"]
[EventType "swiss"]
[EventRounds "9"]
[EventCountry "GER"]

1. c4 e5 2. Nc3 c5 3. g3 Nc6 4. Bg2 g6 5. e4 Bg7 6. Nge2 Nge7 7. O-O d6 8. d3
O-O 9. Rb1 a6 10. a3 Rb8 11. b4 cxb4 12. axb4 b5 13. cxb5 axb5 14. h3 Be6 15.
Nd5 Qd7 16. Kh2 f5 17. f4 Bxd5 18. exd5 Na7 19. Qb3 Kh8 20. Bb2 Nac8 21. fxe5
dxe5 22. d4 e4 23. Nf4 Rd8 24. Ne6 Qxd5 25. Qxd5 Rxd5 26. Nxg7 Kxg7 27. Rbc1
Rb7 28. Rc5 Nb6 29. Ba1 Kf7 30. Bxe4 Rxc5 1/2-1/2

[Event "DEM U14"]
[Site "Willingen"]
[Date "2006.06.05"]
[Round "4.10"]
[White "Bart, Simon"]
[Black "Colpe, Malte"]
[Result "1-0"]
[WhiteElo "1667"]
[BlackElo "1960"]
[PlyCount "67"]
[EventDate "2006.??.??"]
[EventType "swiss"]
[EventRounds "9"]
[EventCountry "GER"]

1. e4 c5 2. Nf3 Nc6 3. d4 cxd4 4. Nxd4 Nf6 5. Nc3 e6 6. Bf4 d6 7. Ndb5 e5 8.
Bg5 a6 9. Bxf6 gxf6 10. Na3 b5 11. Nd5 Be6 12. c3 Bg7 13. Nc2 f5 14. exf5 Bxf5
15. Nce3 Bg6 16. Qg4 O-O 17. Nf5 Re8 18. h4 h5 19. Qe4 Kh8 20. Bd3 Ne7 21.
Ndxe7 Rxe7 22. g4 d5 23. Qe2 Re8 24. Nxg7 Kxg7 25. Bxg6 Kxg6 26. gxh5+ Kf5 27.
Qf3+ Ke6 28. O-O-O Ra7 29. Qg4+ Kd6 30. Rxd5+ Kxd5 31. Rd1+ Kc5 32. Qb4+ Kb6
33. Rd6+ Kb7 34. Rxd8 1-0

[Event "DEM U14"]
[Site "Willingen"]
[Date "2006.06.05"]
[Round "4.11"]
[White "Völsgen, Georg"]
[Black "Raykhman, Alexander"]
[Result "0-1"]
[WhiteElo "1760"]
[BlackElo "1955"]
[PlyCount "74"]
[EventDate "2006.??.??"]
[EventType "swiss"]
[EventRounds "9"]
[EventCountry "GER"]

1. e4 c5 2. Nc3 e6 3. f4 a6 4. Nf3 b5 5. d3 Bb7 6. g3 d5 7. e5 Nc6 8. Bh3 Qc7
9. O-O Nge7 10. Bd2 O-O-O 11. Ng5 Nf5 12. Bxf5 exf5 13. e6 d4 14. Nxf7 dxc3 15.
Bxc3 Rg8 16. Nxd8 Nxd8 17. Qe2 Qc6 18. Kf2 Qg2+ 19. Ke1 Qxe2+ 20. Kxe2 Nxe6 21.
Be5 Nd4+ 22. Bxd4 cxd4 23. Kd2 Kd7 24. Rae1 Bd6 25. Rf2 Rc8 26. Ree2 Bd5 27. b3
a5 28. Rf1 a4 29. Ref2 Ra8 30. Kd1 Kc6 31. Kc1 Re8 32. Kd1 Bf7 33. Kc1 Bb4 34.
Kd1 Kc5 35. Rg2 Bh5+ 36. Kc1 Bg4 37. Rff2 Be1 0-1

[Event "DEM U14"]
[Site "Willingen"]
[Date "2006.06.05"]
[Round "4.12"]
[White "Petermann, Michail"]
[Black "Doberitz, Paul"]
[Result "1/2-1/2"]
[WhiteElo "1852"]
[BlackElo "1766"]
[PlyCount "73"]
[EventDate "2006.??.??"]
[EventType "swiss"]
[EventRounds "9"]
[EventCountry "GER"]

1. e4 c5 2. Nf3 Nf6 3. d3 Nc6 4. c3 g6 5. g3 Bg7 6. Bg2 O-O 7. O-O d6 8. Re1 e5
9. Ng5 h6 10. Nh3 Be6 11. f4 Qd7 12. Nf2 Ng4 13. Nxg4 Bxg4 14. Qc2 Bh3 15. Be3
Bxg2 16. Qxg2 Kh7 17. Nd2 b5 18. Nf3 Rae8 19. fxe5 Nxe5 20. Nxe5 Bxe5 21. d4
cxd4 22. cxd4 Bg7 23. Rac1 Qg4 24. Bf2 Rc8 25. b3 Rfe8 26. Rxc8 Rxc8 27. Be3
Re8 28. Bf2 f5 29. e5 dxe5 30. dxe5 Rxe5 31. Rxe5 Bxe5 32. Qb7+ Bg7 33. Qxb5 f4
34. Qc4 Qd1+ 35. Qf1 Qd2 36. gxf4 Qxa2 37. Qc4 1/2-1/2

[Event "DEM U14"]
[Site "Willingen"]
[Date "2006.06.05"]
[Round "4.13"]
[White "Schiffner, Kevin"]
[Black "Höfer, Michael"]
[Result "0-1"]
[WhiteElo "1568"]
[BlackElo "1526"]
[PlyCount "78"]
[EventDate "2006.??.??"]
[EventType "swiss"]
[EventRounds "9"]
[EventCountry "GER"]

1. d4 d5 2. c4 c6 3. Nc3 Nf6 4. Bg5 e6 5. e3 Nbd7 6. cxd5 exd5 7. Bd3 Bd6 8.
Qc2 Qc7 9. Nge2 b6 10. h3 Bb7 11. O-O-O O-O-O 12. g4 Kb8 13. Kb1 Rde8 14. Bf4
Nf8 15. Bxd6 Qxd6 16. Ng3 g6 17. Rhe1 Ne6 18. Qa4 Re7 19. f4 Rhe8 20. Re2 Nc7
21. Rde1 c5 22. Nb5 Nxb5 23. Bxb5 Rc8 24. dxc5 bxc5 25. Qd1 d4 26. exd4 Bf3 27.
Qb3 Bxe2 28. Bxe2+ Qb6 29. Qd3 c4 30. Qc2 Qxd4 31. Rf1 Qe3 32. Rf3 Qg1+ 33. Nf1
Rce8 34. Qxc4 Nd7 35. Rc3 Nb6 36. Qc6 Qd4 37. Rd3 Qxf4 38. Bf3 Re1+ 39. Kc2
Rc1+ 0-1